000 00376nam a22001697a 4500
003 UA-OsUOA
001 2953
007 ta
008 20050721b un ||||| |||| 00| 0 ukr d
100 _aMurphy
700 _aRaymond
942 _cBK
040 _aUA-OsUOA
_cUA-OsUOA
_dUA-OsUOA
245 _aBasic grammar in use. Answer key.
_bEnglish Grammar
955 _a2
650 7 _2UDC
999 _c289115
_d289115